000 00626nam a2200229Ia 4500
003 OSt
005 20220918205508.0
006 a|||||r|||| 00| 0
007 ta
008 220917b |||||||| |||| 00| 0 eng d
024 _a116,788
037 _cTextual
040 _aARTS
_cARTS
_beng
041 _2eng
_aeng
082 _aV663.M98-N04, 113G4
100 _aBrenning H E
_9115285
245 0 _aDie groben Machte and Morokko in den Jahvor dem Morkko Abkommen 1898-1904
260 _c1934
650 _aHISTORY
942 _hV663.M98-N04, 113G4
_cTEXL
_2CC
999 _c240109
_d240109